| 000 | 00954nam a22003377a 4500 | ||
|---|---|---|---|
| 001 | 0067832 | ||
| 003 | KOHA_MİRAKIL | ||
| 005 | 20260207004728.0 | ||
| 007 | ta | ||
| 008 | 221123s2022 tu |||gr||||#||||0|tur | | ||
| 020 | _a9786057838469 | ||
| 040 |
_aTR-BiSEU _btur _cTR-BiSEU _erda |
||
| 041 | 0 | _atur | |
| 044 | _ctu | ||
| 050 |
_aBF1275.S29 _bR84 2022 |
||
| 100 | 1 | _aSayar, Kemal. | |
| 245 | 1 |
_aRuhun derin yaraları/ _cKemal Sayar ; Kemal Sayar. |
|
| 250 | _a13. Basım | ||
| 264 | 1 |
_aİstanbul : _bKapı Yayınları, _c2022. _c2022 |
|
| 300 | _a295 sayfa; resimli; 20 cm. | ||
| 336 |
_ametin _btxt _2rdacontent |
||
| 337 |
_aaracısız _bn _2rdamedia |
||
| 338 |
_acilt _bnc _2rdacarrier |
||
| 490 | 1 |
_aKapı yayınları ; _v679. |
|
| 490 | 1 |
_aPsikoloji ; _v24. |
|
| 650 | 0 |
_aPsikoloji _93924 |
|
| 650 | 0 |
_aPsychology _93927 |
|
| 830 | 1 |
_aKapı yayınları ; _v679. _912753 |
|
| 830 | 1 |
_aPsikoloji ; _v24. _951567 |
|
| 942 |
_2lcc _cBK |
||
| 999 |
_c68403 _d68403 |
||